[Event "FINAL MISTRZOSTW POLSKI JUNIOROW 2018 - GRUPA  C16"]
[Site "Jastrzebia Gora"]
[Date "1899-12-30"]
[Round "3.11"]
[White "Nowak, Mikolaj"]
[Black "Golecki, Jan"]
[Result "0-1"]
[WhiteTitle "I++"]
[BlackTitle "I++"]
[WhiteElo "2065"]
[BlackElo "1850"]

1. c4 e6 2. Nc3 d5 3. cxd5 exd5 4. d4 Nf6 5. Bg5 c6 6. e3 Bf5 7. Bd3 Bxd3 8. Qxd3
Be7 9. Nge2 Nbd7 10. O-O O-O 11. f3 Re8 12. Rae1 Qb6 13. Kh1 h6 14. Bh4 Rad8 15.
Qc2 Nf8 16. e4 dxe4 17. fxe4 Ne6 18. Bf2 Qc7 19. Rd1 Bf8 20. Bh4 Be7 21. Bg3 Qb6
22. Bf2 Qc7 23. Ng3 g6 24. e5 Nd5 25. Nge4 b6 26. Qc1 Nxc3 27. bxc3 Ng5 28. Nxg5
Bxg5 29. Be3 Qe7 30. Rf3 Bxe3 31. Qxe3 Qxe5 32. Qxh6 Qe1+ 33. Rf1 Qxc3 34. Qh4
Rd7 35. Qf6 c5 36. Rf3 0-1

[Event "FINAL MISTRZOSTW POLSKI JUNIOROW 2018 - GRUPA  C16"]
[Site "Jastrzebia Gora"]
[Date "1899-12-30"]
[Round "3.12"]
[White "Galuszka, Tomasz"]
[Black "Iwanczuk, Krzysztof"]
[Result "1-0"]
[WhiteTitle "I+"]
[BlackTitle "II+"]
[WhiteElo "2038"]
[BlackElo "1655"]

1. e4 c5 2. Nf3 g6 3. d3 Bg7 4. g3 Nc6 5. Bg2 e6 6. O-O Nge7 7. Re1 O-O 8. Nbd2
d5 9. e5 Qc7 10. Qe2 b5 11. c3 a5 12. Nf1 Ba6 13. h4 Rab8 14. N1h2 b4 15. Ng4
Kh8 16. Bg5 a4 17. Qd2 a3 18. bxa3 Nf5 19. axb4 cxb4 20. h5 gxh5 21. Nf6 d4 22.
c4 h6 23. Bf4 Nce7 24. Nxh5 Ng6 25. Nxg7 Kxg7 26. g4 Nxf4 27. Qxf4 Ne7 28. Qf6+
Kh7 29. g5 Nf5 30. Nh4 Rh8 31. g6+ Kg8 32. Nxf5 exf5 33. Qxa6 Rb6 34. Qa5 h5 35.
c5 Rc6 36. Qa8+ 1-0

[Event "FINAL MISTRZOSTW POLSKI JUNIOROW 2018 - GRUPA  C16"]
[Site "Jastrzebia Gora"]
[Date "1899-12-30"]
[Round "3.13"]
[White "Dixa, Oskar"]
[Black "Pytel, Maciej"]
[Result "0-1"]
[WhiteTitle "I+"]
[BlackTitle "I+"]
[WhiteElo "1775"]
[BlackElo "2037"]

1. e4 c5 2. Nf3 e6 3. c4 Nc6 4. Nc3 e5 5. d3 g6 6. Be2 Bg7 7. a3 Nge7 8. O-O d6
9. b4 b6 10. bxc5 bxc5 11. Bd2 O-O 12. Nd5 f5 13. Rb1 h6 14. Qa4 Rf7 15. Nxe7+
Nxe7 16. Ba5 Qd7 17. Qxd7 Bxd7 18. Rb2 Bc6 19. Nd2 Raf8 20. Bf3 Ba8 21. Rfb1 Nc6
22. Bc3 Kh7 23. Bd1 Nd8 24. Rb8 Ne6 25. Rxf8 Rxf8 26. g3 Bc6 27. Rb2 Bf6 28. Rb1
Bg5 29. exf5 gxf5 30. h4 Bxd2 31. Bxd2 f4 32. Ba5 Kg6 33. Bg4 Nd4 34. Bc7 Rf6
35. Rb8 h5 36. Bd1 fxg3 37. fxg3 Bf3 38. Bxf3 Nxf3+ 39. Kh1 Ne1 40. Rb3 Kf5 41.
Ba5 Nc2 42. Rb7 Kg4 43. Kh2 Rf2+ 44. Kg1 Rf3 45. Kh2 Rxd3 46. Rxa7 Ne3 47. Rg7+
Kf3 48. Rf7+ Ke4 49. Bc7 Nxc4 50. a4 d5 51. a5 Ra3 52. g4 hxg4 53. h5 Rh3+ 54.
Kg2 Rxh5 55. a6 Rh6 56. a7 Ra6 57. Bb8 d4 58. Kf2 d3 59. Rd7 Ra2+ 0-1

[Event "FINAL MISTRZOSTW POLSKI JUNIOROW 2018 - GRUPA  C16"]
[Site "Jastrzebia Gora"]
[Date "1899-12-30"]
[Round "3.14"]
[White "Kukorowski, Jan"]
[Black "Kopaczewski, Adam"]
[Result "0-1"]
[WhiteTitle "I"]
[BlackTitle "I+"]
[WhiteElo "1699"]
[BlackElo "1996"]

1. e4 e5 2. Nf3 Nc6 3. Bc4 Nf6 4. d3 Bc5 5. c3 a6 6. Bb3 d6 7. O-O Ba7 8. Nbd2
O-O 9. h3 Ne7 10. Re1 Ng6 11. Nf1 c6 12. d4 Qc7 13. Ng3 c5 14. Be3 c4 15. Bc2
Bd7 16. Qe2 b5 17. a4 Bc6 18. Ra2 Qb7 19. axb5 axb5 20. Rxa7 Rxa7 21. dxe5 dxe5
22. Bxa7 Qxa7 23. Nf5 Rd8 24. Rd1 Qc7 25. Rxd8+ Qxd8 26. Qe3 Qa8 27. Nd6 Qa1+
28. Kh2 Qxb2 29. Qb6 Qxc2 30. Qxc6 h6 31. Qb7 Qxf2 32. Qxf7+ Kh7 33. Nf5 Nh5 34.
Ne7 Qg3+ 35. Kg1 Nxe7 36. Qxh5 Ng6 37. Qf5 Qf4 38. Qxf4 Nxf4 39. Kf2 Nd3+ 40.
Ke3 g5 41. Nd2 Kg6 42. Nb1 Nf4 43. Kf3 Ne6 44. Na3 Nc7 45. h4 Kh5 46. hxg5 hxg5
47. Kg3 g4 48. Nc2 Ne8 49. Na3 Nd6 50. Kh2 g3+ 51. Kxg3 Nxe4+ 52. Kf3 Nxc3 53.
Nc2 Kg5 54. Ne3 e4+ 55. Kg3 Na2 56. Kf2 c3 57. Ke2 b4 0-1

[Event "FINAL MISTRZOSTW POLSKI JUNIOROW 2018 - GRUPA  C16"]
[Site "Jastrzebia Gora"]
[Date "1899-12-30"]
[Round "3.15"]
[White "Warchol, Bartosz"]
[Black "Distel, Pawel"]
[Result "1-0"]
[WhiteTitle "I++"]
[BlackTitle "I"]
[WhiteElo "1969"]
[BlackElo "1715"]

1. d4 Nf6 2. c4 g6 3. Nf3 Bg7 4. Nc3 d6 5. e4 Nc6 6. Be2 O-O 7. O-O e5 8. d5 Ne7
9. b4 Ne8 10. Re1 h6 11. Nd2 f5 12. Bf3 f4 13. c5 Rf7 14. Nc4 Bf8 15. Ba3 Rg7
16. Rc1 g5 17. h3 Ng6 18. Bg4 Nf6 19. Be6+ Kh8 20. Na5 g4 21. hxg4 Nh4 22. f3
h5 23. g5 Nxd5 24. exd5 Qxg5 25. g4 Bxe6 26. dxe6 Nxf3+ 27. Qxf3 Qh4 28. Re2 Rxg4+
29. Rg2 Rg3 30. Rxg3 fxg3 31. Rc2 Qd4+ 32. Kg2 Bh6 33. Qxh5 Qf4 34. Bc1 1-0

[Event "FINAL MISTRZOSTW POLSKI JUNIOROW 2018 - GRUPA  C16"]
[Site "Jastrzebia Gora"]
[Date "1899-12-30"]
[Round "3.16"]
[White "Mike, Patryk"]
[Black "Poziomkowski, Szymon"]
[Result "1/2-1/2"]
[WhiteTitle "I"]
[BlackTitle "I"]
[WhiteElo "1945"]
[BlackElo "1923"]

1. e4 c5 2. Nf3 a6 3. c4 d6 4. d4 Bg4 5. d5 e5 6. Nc3 Be7 7. g3 Nd7 8. Bg2 Bxf3
9. Qxf3 Bg5 10. O-O Bxc1 11. Raxc1 Ngf6 12. Qe2 O-O 13. f4 exf4 14. gxf4 Re8 15.
Rcd1 Qc7 16. Rd3 Nf8 17. Re3 Ng6 18. Qd3 Rab8 19. b3 Qe7 20. a4 Qd7 21. Bh3 Qe7
22. Bg2 Qd7 23. Bh3 Qe7 24. Bg2 Qd7 25. Bh3 Qe7 26. Bg2 Qd7 27. Bh3 Qe7 28. Bg2
Qd7 29. Bh3 Qe7 30. Bg2 Qd7 1/2-1/2

[Event "FINAL MISTRZOSTW POLSKI JUNIOROW 2018 - GRUPA  C16"]
[Site "Jastrzebia Gora"]
[Date "1899-12-30"]
[Round "3.17"]
[White "Paliwoda, Borys"]
[Black "Ossolinski, Ziemowit"]
[Result "0-1"]
[WhiteTitle "I"]
[BlackTitle "I"]
[WhiteElo "1912"]
[BlackElo "1858"]

1. e4 c5 2. Nf3 d6 3. d4 cxd4 4. Nxd4 Nf6 5. f3 e5 6. Nb3 d5 7. exd5 Nxd5 8. Bb5+
Nc6 9. Bxc6+ bxc6 10. O-O Be6 11. Qe2 Qb6+ 12. Kh1 Bd6 13. c4 Qa6 14. Re1 Ne7
15. c5 Qxe2 16. Rxe2 Bc7 17. Nc3 Nf5 18. Be3 Rb8 19. Bf2 h5 20. Ne4 Ke7 21. Ng3
g6 22. Nxf5+ gxf5 23. f4 f6 24. fxe5 fxe5 25. Bg3 Kf6 26. Rae1 Bxb3 27. axb3 Rhe8
28. Ra1 a5 29. Bh4+ Kg6 30. Re3 e4 31. Ra4 Rb5 32. Rc4 Reb8 33. Rcc3 Be5 34. Bg3
f4 35. Rxe4 Bxc3 36. Bxf4 Rd8 0-1

[Event "FINAL MISTRZOSTW POLSKI JUNIOROW 2018 - GRUPA  C16"]
[Site "Jastrzebia Gora"]
[Date "1899-12-30"]
[Round "3.18"]
[White "Posluszny, Tomasz"]
[Black "Dzwierzynski, Bartosz"]
[Result "1-0"]
[WhiteTitle "I+"]
[BlackTitle "I"]
[WhiteElo "1892"]
[BlackElo "1828"]

1. d4 Nf6 2. c4 g6 3. Nc3 d5 4. Qb3 dxc4 5. Qxc4 Bg7 6. e4 O-O 7. Nf3 a6 8. Qb3
b5 9. e5 Nfd7 10. e6 fxe6 11. Be3 Nf6 12. a4 b4 13. Qxb4 Nc6 14. Qc4 Na5 15. Qb4
Nc6 16. Qc5 Qd6 17. h3 Qxc5 18. dxc5 Nd5 19. O-O-O Nxe3 20. fxe3 Bxc3 21. bxc3
Rf5 22. Kc2 Rxc5 23. Be2 e5 24. Nd2 Be6 25. c4 Na5 26. Kc3 Rb8 27. Rb1 Rxb1 28.
Rxb1 Rc6 29. Bf3 Rd6 30. Rb8+ Kg7 31. c5 Rd7 32. Ra8 c6 33. Rxa6 Nb7 34. Bxc6
1-0

[Event "FINAL MISTRZOSTW POLSKI JUNIOROW 2018 - GRUPA  C16"]
[Site "Jastrzebia Gora"]
[Date "1899-12-30"]
[Round "4.1"]
[White "Mis, Mieszko"]
[Black "Kosakowski, Jakub"]
[Result "1-0"]
[WhiteTitle "FM"]
[BlackTitle "FM"]
[WhiteElo "2306"]
[BlackElo "2301"]

1. d4 Nf6 2. Nf3 e6 3. c4 Bb4+ 4. Bd2 a5 5. g3 O-O 6. Bg2 d5 7. Qc2 b6 8. cxd5
exd5 9. O-O Bb7 10. Bf4 Bd6 11. Nc3 Bxf4 12. gxf4 Nbd7 13. Rac1 c6 14. Ne5 Ne8
15. Na4 Nb8 16. Qb3 Ra6 17. e3 Nd6 18. Rfd1 f6 19. Nxc6 Bxc6 20. Rxc6 Nxc6 21.
Qxd5+ Rf7 22. Qxc6 Rc7 23. Qd5+ Kf8 24. Bf1 Raa7 25. Nxb6 g5 26. f5 Kg7 27. Na4
Rc8 28. Nc5 Qe7 29. Bd3 Ne8 30. Re1 Kh8 31. Qe6 Qd8 32. Bb5 Re7 33. Qa6 Rb8 34.
Bxe8 Rxe8 35. Ne6 Qd7 36. b3 Rec8 37. Qxa5 Rc2 38. e4 Qc6 39. Qa7 Qb7 40. Qxb7
Rxb7 41. Nc5 Rb4 42. Rd1 Kg7 43. a3 Rb8 44. b4 Rc3 45. d5 Kf7 46. d6 Rd8 47. d7
Ke7 48. e5 1-0

[Event "FINAL MISTRZOSTW POLSKI JUNIOROW 2018 - GRUPA  C16"]
[Site "Jastrzebia Gora"]
[Date "1899-12-30"]
[Round "4.2"]
[White "Polczyk, Mikolaj"]
[Black "Teclaf, Pawel"]
[Result "0-1"]
[WhiteTitle "I+"]
[BlackTitle "CM"]
[WhiteElo "2051"]
[BlackElo "2386"]

1. d4 Nf6 2. c4 g6 3. Nc3 d5 4. Nf3 Bg7 5. Bg5 Ne4 6. Bf4 Nxc3 7. bxc3 O-O 8. e3
c6 9. Qd2 Bf5 10. cxd5 cxd5 11. c4 Nc6 12. cxd5 Qxd5 13. Rc1 Bg4 14. Be2 Rad8
15. h3 Bxf3 16. Bxf3 Qb5 17. Be2 Qb6 18. Qc3 Rc8 19. Qc5 Qd8 20. Qa3 e5 21. dxe5
Bxe5 22. Bxe5 Nxe5 23. O-O Qd2 24. Bb5 a6 25. Rcd1 Qc2 26. Ba4 Qf5 27. Qe7 b5
28. Bb3 Nc4 29. e4 Qf4 30. Rfe1 a5 31. Rc1 Rc7 32. g3 Rxe7 33. gxf4 Nd2 34. Re2
Nxb3 35. axb3 a4 36. bxa4 bxa4 37. Ra1 Ra8 38. Re3 Rc7 39. Kg2 Rc4 40. Kf3 Kf8
41. Rd3 Rb8 42. Raa3 Rbb4 43. Re3 f5 44. exf5 Rxf4+ 45. Kg3 Rxf5 46. f3 Rf7 47.
Re4 Rxe4 48. fxe4 Ra7 49. Kf4 Ra5 50. Ke3 Ke7 51. Kd4 g5 52. Kc4 Ke6 53. Kd4 h5
54. Kd3 Ke5 55. Ke3 g4 56. hxg4 hxg4 57. Kf2 Kxe4 58. Kg3 Ke5 0-1

[Event "FINAL MISTRZOSTW POLSKI JUNIOROW 2018 - GRUPA  C16"]
[Site "Jastrzebia Gora"]
[Date "1899-12-30"]
[Round "4.3"]
[White "Godzwon, Iwo"]
[Black "Kokoszczynski, Jan"]
[Result "1/2-1/2"]
[WhiteTitle "k"]
[BlackTitle "k"]
[WhiteElo "2222"]
[BlackElo "2108"]

1. e4 e5 2. Nf3 Nc6 3. Bb5 a6 4. Ba4 Nf6 5. O-O Be7 6. Re1 b5 7. Bb3 d6 8. c3 O-O
9. d4 Bg4 10. Be3 exd4 11. cxd4 Na5 12. Bc2 Nc4 13. Bc1 c5 14. b3 Na5 15. d5 Nd7
16. Bb2 Bf6 17. Bxf6 Qxf6 18. Nbd2 Ne5 19. Re3 c4 20. h3 Bxf3 21. Nxf3 b4 22.
Nxe5 Qxe5 23. g3 cxb3 24. axb3 Nb7 25. f4 Qe7 26. Qd4 Rfc8 27. Bd1 a5 28. e5 g6
29. Bg4 Rc2 30. Rae1 dxe5 31. Rxe5 Qf8 32. Re7 Nd6 33. Qf6 Rd8 34. Bd7 Rc7 35.
Qxd6 Rcxd7 1/2-1/2

[Event "FINAL MISTRZOSTW POLSKI JUNIOROW 2018 - GRUPA  C16"]
[Site "Jastrzebia Gora"]
[Date "1899-12-30"]
[Round "4.4"]
[White "Pacan-milej, Kosma"]
[Black "Psyk, Radoslaw"]
[Result "1/2-1/2"]
[WhiteTitle "FM"]
[BlackTitle "k++"]
[WhiteElo "2265"]
[BlackElo "2313"]

1. d4 d5 2. c4 e6 3. Nf3 Nf6 4. g3 dxc4 5. Qa4+ Nc6 6. Bg2 Bb4+ 7. Bd2 Nd5 8. Qb5
Bxd2+ 9. Nbxd2 c3 10. bxc3 Nxc3 11. Qd3 Nd5 12. O-O O-O 13. Rfc1 Bd7 14. Ne4 Rc8
15. Nc5 b6 16. Nxd7 Qxd7 17. Ng5 g6 18. h4 Nce7 19. e4 Nf6 20. Bh3 c6 21. Rd1
Rcd8 22. Rac1 h6 23. Nf3 Qb7 24. e5 Nh5 25. Qd2 Kh7 26. Bg2 Qb8 27. g4 Ng7 28.
Qc2 Kh8 29. Qd2 Kh7 30. Qc2 Kh8 31. Qd2 1/2-1/2

[Event "FINAL MISTRZOSTW POLSKI JUNIOROW 2018 - GRUPA  C16"]
[Site "Jastrzebia Gora"]
[Date "1899-12-30"]
[Round "4.5"]
[White "Pytel, Maciej"]
[Black "Szpar, Milosz"]
[Result "1-0"]
[WhiteTitle "I+"]
[BlackTitle "FM"]
[WhiteElo "2037"]
[BlackElo "2376"]

1. f4 Nf6 2. Nf3 c5 3. g3 Nc6 4. Bg2 g6 5. O-O Bg7 6. d3 d5 7. Qe1 d4 8. Na3 Be6
9. c3 O-O 10. Nc2 Rc8 11. h3 dxc3 12. bxc3 b5 13. Ng5 Bd7 14. Bd2 e5 15. Rb1 Re8
16. Qf2 exf4 17. Bxf4 h6 18. Ne4 Nxe4 19. dxe4 Be6 20. Rxb5 c4 21. e5 Qd7 22.
Kh2 g5 23. Be3 a6 24. Rb6 Bxe5 25. Bd4 Nxd4 26. cxd4 Bg7 27. e4 Qe7 28. e5 Red8
29. Nb4 Qe8 30. Bb7 Rc7 31. Nxa6 Re7 32. Nc5 Rc7 33. Rc1 Bf8 34. Ne4 Bg7 35. Nd6
Qe7 36. Bg2 Rf8 37. Qe3 Ra7 38. a3 Rc7 39. Nb7 Bf5 40. Nd6 Bd3 41. Bd5 Rd8 42.
Qd2 Bg6 43. Rxc4 Rxc4 44. Bxc4 Qc7 45. Qb4 Bf8 46. a4 Kg7 47. Qc5 Qd7 48. Bb3
Bxd6 49. exd6 Re8 50. Qb5 Qd8 51. d7 Re1 52. Bd5 Qe7 53. Bg2 Kh7 54. Qb4 1-0

[Event "FINAL MISTRZOSTW POLSKI JUNIOROW 2018 - GRUPA  C16"]
[Site "Jastrzebia Gora"]
[Date "1899-12-30"]
[Round "4.6"]
[White "Golecki, Jan"]
[Black "Pniaczek, Marek"]
[Result "0-1"]
[WhiteTitle "I++"]
[BlackTitle "CM"]
[WhiteElo "1850"]
[BlackElo "2239"]

1. e4 e5 2. Nf3 Nc6 3. Bb5 a6 4. Bxc6 dxc6 5. O-O f6 6. d4 exd4 7. Nxd4 c5 8. Nb3
Qxd1 9. Rxd1 Bd6 10. Be3 b6 11. Nc3 Ne7 12. a4 Kf7 13. Nd2 Be6 14. f4 g6 15. Nf3
Nc6 16. Nd5 Bxd5 17. exd5 Rhe8 18. Kf2 Ne7 19. g4 h5 20. h3 b5 21. b3 b4 22. Rac1
Rab8 23. c4 bxc3 24. Rxc3 hxg4 25. hxg4 Rb4 26. Bxc5 Rxf4 27. Bxd6 cxd6 28. Kg3
Rb4 29. Ne1 f5 30. gxf5 Nxf5+ 31. Kf2 Reb8 32. Rdd3 Kf6 33. Rf3 Rh4 34. Ng2 Rh2
35. Rce3 Rc8 36. Re6+ Kg5 37. Kg1 Rch8 38. b4 Rh1+ 39. Kf2 Rb1 40. Re4 Rh2 41.
Rg3+ Nxg3 42. Kxg3 Rh8 43. Ne1 Kf5 44. Re6 Rxb4 45. Nf3 Rg4+ 46. Kf2 Rxa4 47.
Rxd6 g5 48. Rb6 g4 49. Ng1 Ra2+ 50. Kg3 Rhh2 0-1

[Event "FINAL MISTRZOSTW POLSKI JUNIOROW 2018 - GRUPA  C16"]
[Site "Jastrzebia Gora"]
[Date "1899-12-30"]
[Round "4.7"]
[White "Kopaczewski, Adam"]
[Black "Fus, Jakub"]
[Result "0-1"]
[WhiteTitle "I+"]
[BlackTitle "I++"]
[WhiteElo "1996"]
[BlackElo "2194"]

1. e4 e5 2. d4 exd4 3. Qxd4 Nc6 4. Qe3 Nf6 5. Bd2 Be7 6. Nc3 O-O 7. Bc4 d6 8. O-O-O
Ne5 9. Bb3 Be6 10. Bxe6 fxe6 11. Qe2 c6 12. f4 Ned7 13. g4 d5 14. g5 Nxe4 15.
Nxe4 dxe4 16. Qc4 Kh8 17. Bc3 Rxf4 18. Qxe6 Bxg5 19. Kb1 Nf8 20. Nh3 Nxe6 0-1

[Event "FINAL MISTRZOSTW POLSKI JUNIOROW 2018 - GRUPA  C16"]
[Site "Jastrzebia Gora"]
[Date "1899-12-30"]
[Round "4.8"]
[White "Kozak, Antoni"]
[Black "Galuszka, Tomasz"]
[Result "1-0"]
[WhiteTitle "k"]
[BlackTitle "I+"]
[WhiteElo "2148"]
[BlackElo "2038"]

1. e4 c6 2. d4 d5 3. e5 Bf5 4. Nf3 e6 5. Be2 Ne7 6. O-O Nd7 7. Nbd2 Bg6 8. Nb3
Nf5 9. a4 a5 10. Bd2 Bb4 11. Bxb4 axb4 12. Qd2 Qe7 13. a5 Bh5 14. Ra4 Bxf3 15.
Bxf3 b5 16. Raa1 O-O 17. Bg4 Nh6 18. Bh3 Rfc8 19. f4 g6 20. Nc5 Nxc5 21. Qxb4
Nf5 22. Bxf5 exf5 23. dxc5 Ra7 24. Qd4 Rca8 25. b4 h5 26. g3 Qe6 27. Kf2 Re8 28.
Rh1 Qc8 29. h3 Rae7 30. Rae1 Qd7 31. c3 Qc8 32. Qd1 Qd7 33. g4 fxg4 34. hxg4 hxg4
35. Rh6 Qf5 36. Kg3 Re6 37. Qxg4 Kf8 38. Qxf5 gxf5 39. Reh1 1-0

[Event "FINAL MISTRZOSTW POLSKI JUNIOROW 2018 - GRUPA  C16"]
[Site "Jastrzebia Gora"]
[Date "1899-12-30"]
[Round "4.9"]
[White "Szczurek, Krzysztof"]
[Black "Wierzbicki, Michal"]
[Result "1-0"]
[WhiteTitle "FM"]
[BlackTitle "I"]
[WhiteElo "2089"]
[BlackElo "1867"]

1. e4 e6 2. d4 d5 3. Nd2 dxe4 4. Nxe4 Bd7 5. Nf3 Bc6 6. Bd3 Bxe4 7. Bxe4 c6 8.
c3 Nf6 9. Bc2 Nbd7 10. a3 Be7 11. O-O Qc7 12. Qe2 h6 13. c4 O-O 14. b3 c5 15.
Bb2 cxd4 16. Nxd4 Bc5 17. Rad1 Bxd4 18. Rxd4 e5 19. Rd3 Rfe8 20. Re3 Re7 21. Re1
Rae8 22. Rg3 Nf8 23. Bc1 Kh8 24. Qf3 Qc6 25. Qxc6 bxc6 26. Rge3 N8d7 27. Bb2 Kg8
28. a4 c5 29. Bc3 Re6 30. Bf5 Rb6 31. f4 e4 32. g4 g6 33. Bxd7 Nxd7 34. Rxe4 Rxe4
35. Rxe4 Kf8 36. b4 cxb4 37. c5 Rc6 38. Bxb4 f5 39. gxf5 gxf5 40. Re3 Kf7 41.
Kf1 a6 42. Ba3 Nf6 43. Rb3 Ke6 44. Rh3 h5 45. Ke2 Kd5 46. Rd3+ Ke4 47. Bb2 Kxf4
48. Bxf6 Rxf6 49. Rd6 Rf7 50. Rxa6 Rc7 51. c6 Ke4 52. Rb6 Ra7 53. Rb7 Ra5 54.
c7 Rc5 55. Rb4+ Kd5 56. Rb5 1-0

[Event "FINAL MISTRZOSTW POLSKI JUNIOROW 2018 - GRUPA  C16"]
[Site "Jastrzebia Gora"]
[Date "1899-12-30"]
[Round "4.10"]
[White "Warchol, Bartosz"]
[Black "Lis, Mateusz"]
[Result "1/2-1/2"]
[WhiteTitle "I++"]
[BlackTitle "k"]
[WhiteElo "1969"]
[BlackElo "2132"]

1. d4 Nf6 2. c4 g6 3. Nf3 Bg7 4. Nc3 d6 5. g3 O-O 6. Bg2 Nbd7 7. O-O e5 8. e4 exd4
9. Nxd4 Nc5 10. h3 Re8 11. Re1 a5 12. f3 Bd7 13. Be3 Ne6 14. Qc2 Qc8 15. Kh2 Nxd4
16. Bxd4 Ng4+ 17. hxg4 Bxd4 18. Rad1 Be5 19. Nd5 Qd8 20. f4 Bg7 21. Bf3 Bc6 22.
g5 Bxd5 23. Rxd5 f6 24. gxf6 Qxf6 25. Red1 h5 26. c5 Ra6 27. cxd6 cxd6 28. Qb3
Qxb2+ 29. Qxb2 Bxb2 30. Rxd6 Ba3 31. Rxa6 bxa6 32. e5 Re7 33. Rd8+ Kg7 34. Ra8
Rd7 35. Rxa6 Rd4 36. Rxa5 Bb4 37. Ra7+ Kh6 38. e6 Rd3 39. Be4 Re3 40. Bd5 Be1
41. Ra4 Bxg3+ 42. Kg2 Bh4 43. Re4 Rxe4 44. Bxe4 Kg7 45. Kf3 Bd8 46. a4 Kf6 47.
Bd3 Bc7 48. Bc4 Bb6 49. Ke4 Bc7 50. Bd5 Bb6 51. Bb3 Bc7 52. Bc4 h4 53. Kf3 h3
54. Kg3 h2 55. Kxh2 Bxf4+ 56. Kg2 Bd2 57. Kf3 Ba5 58. Ke4 Ke7 59. Kd5 Bb4 60.
Be2 Kd8 61. Kc6 Kc8 62. Kb5 Be7 63. Kb6 g5 64. Bg4 Kb8 65. a5 Bd8+ 66. Kc6 Ka7
67. Be2 g4 68. Kb5 g3 69. Bf3 Bh4 70. Bg2 Bg5 71. Bf1 Be7 72. Kc6 g2 73. Bxg2
Ka6 74. Kd7 Bh4 1/2-1/2

[Event "FINAL MISTRZOSTW POLSKI JUNIOROW 2018 - GRUPA  C16"]
[Site "Jastrzebia Gora"]
[Date "1899-12-30"]
[Round "4.11"]
[White "Ossolinski, Ziemowit"]
[Black "Musial, Tomasz"]
[Result "0-1"]
[WhiteTitle "I"]
[BlackTitle "I++"]
[WhiteElo "1858"]
[BlackElo "2130"]

1. e4 g6 2. d4 Bg7 3. Nf3 d6 4. h3 Nf6 5. Bd3 O-O 6. O-O Nc6 7. c3 e5 8. dxe5 Nxe5
9. Nxe5 dxe5 10. Be3 b6 11. Na3 Bb7 12. f3 Qe7 13. Qe2 Rad8 14. Rfd1 Nh5 15. Bc4
Qf6 16. Rxd8 Rxd8 17. Rd1 Bf8 18. Nc2 Nf4 19. Bxf4 Rxd1+ 20. Qxd1 Qxf4 21. b4
Bh6 22. Be2 Bg5 23. c4 Bc8 24. Ne1 Qg3 25. Kf1 Be3 26. Qd8+ Kg7 27. Nd3 Bxh3 28.
gxh3 Qg1# 0-1

[Event "FINAL MISTRZOSTW POLSKI JUNIOROW 2018 - GRUPA  C16"]
[Site "Jastrzebia Gora"]
[Date "1899-12-30"]
[Round "4.12"]
[White "Piekielny, Pawel"]
[Black "Nowak, Mikolaj"]
[Result "1-0"]
[WhiteTitle "I"]
[BlackTitle "I++"]
[WhiteElo "1787"]
[BlackElo "2065"]

1. e4 e5 2. Nf3 Nc6 3. Bb5 Nf6 4. d4 Nxe4 5. d5 Nd6 6. Nc3 Ne7 7. Nxe5 Nxb5 8.
Nxb5 d6 9. Nf3 a6 10. Nc3 Ng6 11. Qd4 h6 12. O-O Be7 13. Qxg7 Bf6 14. Re1+ Be6
15. Rxe6+ fxe6 16. Qxg6+ Kd7 17. Ne4 Rf8 18. Bxh6 exd5 19. Qg4+ Kc6 20. Bxf8 dxe4
21. Qxe4+ d5 22. Qe6+ 1-0

[Event "FINAL MISTRZOSTW POLSKI JUNIOROW 2018 - GRUPA  C16"]
[Site "Jastrzebia Gora"]
[Date "1899-12-30"]
[Round "4.13"]
[White "Strzelecki, Maciej"]
[Black "Zolkiewski, Jakub"]
[Result "1-0"]
[WhiteTitle "I"]
[BlackTitle "I"]
[WhiteElo "1952"]
[BlackElo "1835"]

1. e4 e6 2. d4 d5 3. Nd2 Nf6 4. e5 Nfd7 5. Bd3 c5 6. c3 Nc6 7. Ne2 cxd4 8. cxd4
f6 9. exf6 Nxf6 10. O-O Bd6 11. Nf3 Qc7 12. h3 O-O 13. Be3 Bd7 14. Re1 Rae8 15.
Rc1 Qb8 16. Nc3 e5 17. dxe5 Nxe5 18. Nxe5 Rxe5 19. Nb5 Bb4 20. Rf1 Qe8 21. Bf4
Re7 22. Nc7 Qd8 23. Qb3 Bc6 24. Qxb4 Rxc7 25. Bxc7 Qxc7 26. Rfe1 Rf7 27. Bf5 Kh8
28. Qh4 Qd6 29. Re6 Qf8 30. Rce1 Bd7 31. R6e5 Bxf5 32. Rxf5 g6 33. Rfe5 Kg7 34.
Qd4 b6 35. Rxd5 Re7 36. Rxe7+ Qxe7 37. Re5 Qc7 38. Re6 Qc1+ 39. Kh2 Qc7+ 40. g3
Qf7 41. Qe5 1-0

[Event "FINAL MISTRZOSTW POLSKI JUNIOROW 2018 - GRUPA  C16"]
[Site "Jastrzebia Gora"]
[Date "1899-12-30"]
[Round "4.14"]
[White "Dixa, Oskar"]
[Black "Mike, Patryk"]
[Result "1/2-1/2"]
[WhiteTitle "I+"]
[BlackTitle "I"]
[WhiteElo "1775"]
[BlackElo "1945"]

1. e4 e5 2. Nf3 Nc6 3. Bb5 a6 4. Ba4 Nf6 5. O-O Be7 6. Re1 b5 7. Bb3 d6 8. c3 O-O
9. h3 Nb8 10. d4 Nbd7 11. Bc2 Bb7 12. Nbd2 Re8 13. Nf1 Bf8 14. Ng3 g6 15. Nh2
c5 16. d5 h5 17. Bg5 Bg7 18. Nf3 c4 19. Qd2 a5 20. Nh4 Qb6 21. Bh6 Bh8 22. Ngf5
Kh7 23. Be3 Qc7 24. Ng3 Nc5 25. Bg5 Ncd7 26. Re3 Rg8 27. Rf3 Rae8 28. Bxf6 Nxf6
29. Nhf5 gxf5 30. Nxf5 Rg6 31. Nh4 Bg7 32. Nxg6 fxg6 33. Qg5 Ng8 34. Rg3 Qf7 35.
Qe3 1/2-1/2

[Event "FINAL MISTRZOSTW POLSKI JUNIOROW 2018 - GRUPA  C16"]
[Site "Jastrzebia Gora"]
[Date "1899-12-30"]
[Round "4.15"]
[White "Kulesza, Andrzej"]
[Black "Kukorowski, Jan"]
[Result "1-0"]
[WhiteTitle "I"]
[BlackTitle "I"]
[WhiteElo "1903"]
[BlackElo "1699"]

1. e4 e6 2. d4 d5 3. Nd2 c5 4. Ngf3 cxd4 5. exd5 Qxd5 6. Bc4 Qd6 7. O-O Nf6 8.
Nb3 Nc6 9. Nbxd4 Nxd4 10. Nxd4 Be7 11. b3 O-O 12. Bb2 a6 13. Qf3 Qc7 14. Rfe1
Bd6 15. Kh1 b6 16. Bd3 Bb7 17. Qh3 Be5 18. Nb5 1-0

[Event "FINAL MISTRZOSTW POLSKI JUNIOROW 2018 - GRUPA  C16"]
[Site "Jastrzebia Gora"]
[Date "1899-12-30"]
[Round "4.16"]
[White "Rogala, Milosz"]
[Black "Posluszny, Tomasz"]
[Result "1-0"]
[WhiteTitle "II"]
[BlackTitle "I+"]
[WhiteElo "1749"]
[BlackElo "1892"]

1. e4 c5 2. Nf3 e6 3. d4 cxd4 4. Nxd4 Nc6 5. Nc3 Qc7 6. a3 a6 7. Be3 Nf6 8. Be2
Na5 9. O-O d6 10. Kh1 Nc4 11. Bxc4 Qxc4 12. Qe2 Qc7 13. Rad1 b6 14. f3 Be7 15.
Qf2 Bd7 16. Rd2 O-O 17. Rfd1 Rab8 18. Nb3 Bc6 19. Bf4 e5 20. Bg5 Rbc8 21. Bxf6
gxf6 22. Ne2 f5 23. Ng3 Bh4 24. exf5 Rcd8 25. f6 Bxf6 26. Nh5 Qe7 27. Qxb6 Bg5
28. f4 exf4 29. Qxc6 f3 30. Qxf3 Bxd2 31. Nxd2 f5 32. Qg3+ Kh8 33. Re1 Qc7 34.
c4 Qf7 35. Qc3+ Kg8 36. Qg3+ Qg6 37. Nf4 Qxg3 38. hxg3 Rfe8 39. Rxe8+ Rxe8 40.
Kg1 Kf7 41. Kf2 Rb8 42. b4 Kf6 43. Nd5+ Ke5 44. Ke3 Rg8 45. Nf3+ Ke6 46. Nd4+
Ke5 47. Nc6+ Ke6 48. Nd4+ Ke5 49. Nf3+ Ke6 50. Nc7+ Kd7 51. Nxa6 Rxg3 52. Kf2
Rg4 53. c5 Rc4 54. cxd6 Kxd6 55. Nc5 Rc3 56. a4 Kd5 57. Ne1 h5 58. Ncd3 Ra3 59.
a5 Ke4 60. Kg3 Rc3 61. Kh4 f4 62. Kxh5 Kf5 63. Kh6 Kf6 64. Nxf4 Rc8 65. Kh5 Kf5
66. Ng6 Rc1 67. Nh4+ Ke6 68. Nd3 Rc3 69. Ng6 Kf5 70. g4+ Kf6 71. Nge5 Kxe5 1-0

[Event "FINAL MISTRZOSTW POLSKI JUNIOROW 2018 - GRUPA  C16"]
[Site "Jastrzebia Gora"]
[Date "1899-12-30"]
[Round "4.17"]
[White "Distel, Pawel"]
[Black "Iwanczuk, Krzysztof"]
[Result "1/2-1/2"]
[WhiteTitle "I"]
[BlackTitle "II+"]
[WhiteElo "1715"]
[BlackElo "1655"]

1. e4 c6 2. d4 d5 3. Nc3 dxe4 4. Nxe4 Bf5 5. Ng3 Bg6 6. h4 h6 7. Nf3 Nf6 8. h5
Bh7 9. Bd3 Bxd3 10. Qxd3 e6 11. Bd2 c5 12. O-O-O Nc6 13. Bc3 Nb4 14. Bxb4 cxb4
15. Qb5+ Qd7 16. Qxd7+ Nxd7 17. d5 e5 18. Rhe1 O-O-O 19. Nf5 g6 20. hxg6 fxg6
21. N5h4 Bc5 22. Nxg6 Rhg8 23. Nfxe5 Nxe5 24. Nxe5 Bxf2 25. Re2 Rde8 26. d6 Ref8
27. d7+ Kd8 28. Re4 Bg3 29. Nf3 Bf4+ 30. Kb1 Rf6 31. Nd4 Bd6 32. Nb5 Kxd7 33.
Rxb4 Rxg2 34. b3 1/2-1/2

[Event "FINAL MISTRZOSTW POLSKI JUNIOROW 2018 - GRUPA  C16"]
[Site "Jastrzebia Gora"]
[Date "1899-12-30"]
[Round "4.18"]
[White "Poziomkowski, Szymon"]
[Black "Paliwoda, Borys"]
[Result "1-0"]
[WhiteTitle "I"]
[BlackTitle "I"]
[WhiteElo "1923"]
[BlackElo "1912"]

1. e4 c5 2. Nf3 e6 3. c3 Nf6 4. e5 Nd5 5. d4 cxd4 6. cxd4 d6 7. a3 Nc6 8. Bd3 dxe5
9. dxe5 g6 10. O-O Bg7 11. Re1 O-O 12. Bd2 Qc7 13. Qe2 Rd8 14. Nc3 Nxe5 15. Nxd5
Rxd5 16. Be4 Nxf3+ 17. Bxf3 Re5 18. Be3 Bd7 19. Rac1 Bc6 20. Qc4 Rc8 21. Red1
Qa5 22. h4 Bf8 23. Qd4 Bg7 24. Qd3 Re8 25. Bxc6 bxc6 26. Qd7 Rf8 27. b4 Qxa3 28.
Bc5 Rd5 29. Qxc6 Rxd1+ 30. Rxd1 Qb3 31. Rd7 Qb1+ 32. Kh2 Be5+ 33. g3 Qc2 34. Qf3
1-0